[Event "64.Camp. Veneto Quarti di Finale"]
[Site "Arquà Petrarca ITA"]
[Date "2004.05.16"]
[Round "5.3"]
[White "Casciello, Dimitri"]
[Black "Giuriati, Paolo"]
[Result "0-1"]
[WhiteElo "1820"]
[BlackElo "2185"]
[Annotator "Gabriele Ballarin"]
[PlyCount "90"]
[EventDate "2004.05.08"]
[EventType "swiss"]
[EventRounds "6"]
[EventCountry "ITA"]

1. e4 c6 2. Nc3 d5 3. g3 dxe4 4. Nxe4 Bf5 5. Bg2 Nd7 6. Ne2 Ngf6 7. N2c3 e6 8. d3 Be7 9. O-O O-O 10. h3 Qc7 11. Qe2 Nd5 12. Bd2 Rfe8 13. Rac1 b5 14. g4 Bg6 15. f4 f5 16. Ng3 Nxc3 17. Qxe6+ Bf7 18. Qxc6 Qxc6 19. Bxc6 Bc5+ 20. Kh2 Ne2 21. Bxd7 Nxg3 22. Kxg3 Re2 23. Be1 Re3+ 24. Rf3 Bd5 25. Rxe3 Bxe3 26. Rd1 g5 27. fxg5 f4+ 28. Kh2 a6 29. Bc3 Ra7 30. Bf5 Rc7 31. Be4 Bxe4 32. dxe4 b4 33. Kg2 bxc3 34. b3 Bd2 35. Kf3 Rc5 36. h4 Kf7 37. Rf1 Kg6 38. Ke2 Rc7 39. Rh1 Rd7 40. Rd1 Rd4 41. Kf3 Kf7 42. a3 a5 43. h5 Kg7 44. Ra1 Be3 45. e5 Kf7 0-1

[Event "64.Camp. Veneto Quarti di Finale"]
[Site "Arquà Petrarca ITA"]
[Date "2004.05.16"]
[Round "5.4"]
[White "Lain, Luigi"]
[Black "Faccia, Sergio"]
[Result "1-0"]
[WhiteElo "2235"]
[BlackElo "1980"]
[Annotator "Gabriele Ballarin"]
[PlyCount "23"]
[EventDate "2004.05.08"]
[EventType "swiss"]
[EventRounds "6"]
[EventCountry "ITA"]

1. d4 e5 2. dxe5 f6 3. e4 Nc6 4. exf6 Nxf6 5. Bg5 Bc5 6. Bxf6 Qxf6 7. Qh5+ g6 8. Qxc5 Qxb2 9. Qc3 Qc1+ 10. Ke2 d5 11. Nd2 d4 12. Qxc6+ 1-0

[Event "64.Camp. Veneto Quarti di Finale"]
[Site "Arquà Petrarca ITA"]
[Date "2004.05.16"]
[Round "5.5"]
[White "Sgaravatti, Francesco"]
[Black "Belloni, Umberto"]
[Result "1-0"]
[WhiteElo "2140"]
[BlackElo "1968"]
[Annotator "Gabriele Ballarin"]
[PlyCount "69"]
[EventDate "2004.05.08"]
[EventType "swiss"]
[EventRounds "6"]
[EventCountry "ITA"]

1. e4 e6 2. Nf3 d5 3. Nc3 dxe4 4. Nxe4 Nf6 5. Nxf6+ gxf6 6. d4 c5 7. Be3 cxd4 8. Nxd4 a6 9. Qf3 Nd7 10. O-O-O Ne5 11. Nc6 Qc7 12. Qxf6 Nxc6 13. Qxh8 Nb4 14. c3 e5 15. a3 Na2+ 16. Kc2 Be6 17. Bh6 Ke7 18. Bxf8+ Rxf8 19. Qxh7 Qb6 20. Qh4+ f6 21. Bc4 Bf5+ 22. Bd3 Be6 23. c4 a5 24. b3 a4 25. Rb1 Qa5 26. b4 Qc7 27. Rb2 b5 28. Rxa2 bxc4 29. Bg6 Qc8 30. Kc3 Rh8 31. Qg3 Rd8 32. Rd2 Rxd2 33. Kxd2 Qd7+ 34. Kc2 Qb5 35. Qe3 1-0

[Event "64.Camp. Veneto Quarti di Finale"]
[Site "Arquà Petrarca ITA"]
[Date "2004.05.16"]
[Round "5.6"]
[White "Lorusso, Giuseppe"]
[Black "Quaranta, Cristiano"]
[Result "1/2-1/2"]
[WhiteElo "1987"]
[BlackElo "2031"]
[Annotator "Gabriele Ballarin"]
[PlyCount "136"]
[EventDate "2004.05.08"]
[EventType "swiss"]
[EventRounds "6"]
[EventCountry "ITA"]

1. d4 d5 2. c4 e6 3. Nc3 c5 4. e3 Nf6 5. Nf3 Nc6 6. Bd3 Bd6 7. O-O O-O 8. Re1 a6 9. a4 Nb4 10. Bf1 cxd4 11. exd4 dxc4 12. Bxc4 Qc7 13. b3 Rd8 14. Bg5 Be7 15. Rc1 Qa5 16. Re5 Qb6 17. a5 Qc7 18. Na4 Nc6 19. Nb6 Nxd4 20. Re1 Nxf3+ 21. Qxf3 Bd7 22. Nxa8 Rxa8 23. Bb5 Qxa5 24. Bxf6 Bxb5 25. Bxe7 Bc6 26. Qg3 Qf5 27. Rcd1 Be8 28. Bg5 Kh8 29. Rf1 Bb5 30. Rfe1 Be8 31. h4 h6 32. Bc1 Bc6 33. Re2 Bd5 34. Bb2 f6 35. Red2 Rc8 36. Qe3 Qg4 37. Qg3 Qf5 38. Rc1 Bc6 39. Kh2 Qa5 40. Bc3 Qf5 41. Bb4 Kg8 42. Rxc6 bxc6 43. Rd7 g5 44. hxg5 hxg5 45. Qh3 Qxh3+ 46. gxh3 Rb8 47. Be7 Rxb3 48. Kg2 Kf7 49. Bc5+ Kg6 50. Rc7 Rc3 51. Rxc6 a5 52. Rc7 a4 53. Bd6 Rd3 54. Be7 Rd2 55. Kg3 a3 56. Ra7 a2 57. Kf3 Kf5 58. Bc5 Rc2 59. Be3 g4+ 60. Kg3 Ke4 61. Ra4+ Kd3 62. Kxg4 f5+ 63. Kg5 Kc3 64. Bd4+ Kb3 65. Ra8 Rc4 66. Bh8 Rc2 67. Kf6 Rxf2 68. Kxe6 f4 1/2-1/2

[Event "64.Camp. Veneto Quarti di Finale"]
[Site "Arquà Petrarca ITA"]
[Date "2004.05.16"]
[Round "5.7"]
[White "Demiraj, Rumi"]
[Black "Bdair, Bilal"]
[Result "1-0"]
[WhiteElo "1871"]
[BlackElo "1999"]
[Annotator "Gabriele Ballarin"]
[PlyCount "58"]
[EventDate "2004.05.08"]
[EventType "swiss"]
[EventRounds "6"]
[EventCountry "ITA"]

1. e4 c5 2. c3 Nf6 3. e5 Nd5 4. d4 cxd4 5. cxd4 e6 6. Nc3 Nxc3 7. bxc3 b6 8. f4 Bb7 9. Nf3 Qc7 10. Bd2 d6 11. Bb5+ Nd7 12. O-O Be7 13. Qe2 O-O-O 14. a4 a5 15. Rab1 g5 16. Bxd7+ Rxd7 17. fxg5 Rg8 18. Rb2 Qc6 19. h4 Bd8 20. exd6 Qxd6 21. Ne5 f6 22. Nxd7 Kxd7 23. Bf4 Qe7 24. c4 fxg5 25. hxg5 h6 26. d5 exd5 27. Qxe7+ Bxe7 28. cxd5 Bc5+ 29. Kh2 hxg5 {Nur} 1-0

[Event "64.Camp. Veneto Quarti di Finale"]
[Site "Arquà Petrarca ITA"]
[Date "2004.05.16"]
[Round "5.8"]
[White "Roberti, Ignazio"]
[Black "Battiston, Gianfranco"]
[Result "1-0"]
[WhiteElo "1992"]
[BlackElo "1628"]
[Annotator "Gabriele Ballarin"]
[PlyCount "109"]
[EventDate "2004.05.08"]
[EventType "swiss"]
[EventRounds "6"]
[EventCountry "ITA"]

1. e4 e5 2. Nf3 d6 3. d4 exd4 4. Nxd4 Nf6 5. Nc3 a6 6. a4 Nc6 7. Be2 Be7 8. Be3 O-O 9. Nxc6 bxc6 10. a5 Re8 11. O-O Bb7 12. f3 Nd7 13. Kh1 Bh4 14. Ra4 Bg5 15. f4 Bh4 16. Bf3 f5 17. Rb4 fxe4 18. Bxe4 Nf6 19. Qf3 Nxe4 20. Nxe4 Bc8 21. f5 d5 22. Nc5 Bf6 23. Bd4 Bxd4 24. Rxd4 Rb8 25. Ne6 Qf6 26. Nxc7 Re7 27. Nxd5 cxd5 28. Qxd5+ Be6 29. Qd8+ Rxd8 30. Rxd8+ Kf7 31. fxe6+ Rxe6 32. Rxf6+ Kxf6 33. Kg1 Ke7 34. Rd2 Re5 35. b4 Re4 36. c3 Re3 37. Rc2 Kd6 38. Kf2 Re6 39. Re2 Rf6+ 40. Ke3 Kd5 41. Kd3 Rh6 42. c4+ Kd6 43. h3 Rg6 44. g4 Rh6 45. Re3 Kc6 46. Kc3 Rf6 47. Kb3 g6 48. c5 Kb5 49. Rc3 h5 50. c6 Rxc6 51. Rxc6 Kxc6 52. g5 Kd6 53. Kc4 Kc6 54. h4 Kd6 55. b5 1-0

[Event "64.Camp. Veneto Quarti di Finale"]
[Site "Arquà Petrarca ITA"]
[Date "2004.05.16"]
[Round "5.9"]
[White "Rossato, Armando"]
[Black "Solinas, Carlo"]
[Result "0-1"]
[WhiteElo "2116"]
[BlackElo "2072"]
[Annotator "Gabriele Ballarin"]
[PlyCount "54"]
[EventDate "2004.05.08"]
[EventType "swiss"]
[EventRounds "6"]
[EventCountry "ITA"]

1. c4 e5 2. Nc3 f5 3. d3 Nf6 4. g3 Be7 5. Bg2 Nc6 6. e3 O-O 7. Nge2 d6 8. O-O Qe8 9. Nd5 Bd8 10. Nec3 Ne7 11. b3 c6 12. Nxf6+ Rxf6 13. Bb2 Rh6 14. c5 d5 15. Ne2 Qh5 16. h4 f4 17. exf4 Ng6 18. Nd4 Qxd1 19. Raxd1 exd4 20. Bxd4 Bf6 21. Bxf6 gxf6 22. Rfe1 Kf7 23. b4 Bd7 24. b5 Rg8 25. bxc6 Bxc6 26. d4 Nxh4 27. gxh4 Rhg6 0-1

[Event "64.Camp. Veneto Quarti di Finale"]
[Site "Arquà Petrarca ITA"]
[Date "2004.05.16"]
[Round "5.10"]
[White "Navarro, Stefano"]
[Black "Rossi, Damiano"]
[Result "1-0"]
[WhiteElo "2115"]
[BlackElo "2002"]
[Annotator "Gabriele Ballarin"]
[PlyCount "41"]
[EventDate "2004.05.08"]
[EventType "swiss"]
[EventRounds "6"]
[EventCountry "ITA"]

1. e4 e6 2. d4 c5 3. Nf3 d5 4. exd5 exd5 5. Nc3 Nf6 6. Bg5 Be6 7. Bb5+ Nc6 8. O-O a6 9. Be2 b6 10. dxc5 bxc5 11. Bxf6 gxf6 12. Re1 Ne5 13. Nxe5 fxe5 14. Bg4 e4 15. Bxe6 fxe6 16. Qh5+ Ke7 17. Rad1 Bg7 18. Nxe4 Bxb2 19. Nxc5 e5 20. Nd3 Bc3 21. Nxe5 1-0

[Event "64.Camp. Veneto Quarti di Finale"]
[Site "Arquà Petrarca ITA"]
[Date "2004.05.16"]
[Round "5.11"]
[White "Velluti, Alberto"]
[Black "Xia, Jie"]
[Result "1-0"]
[WhiteElo "1802"]
[BlackElo "1985"]
[Annotator "Gabriele Ballarin"]
[PlyCount "123"]
[EventDate "2004.05.08"]
[EventType "swiss"]
[EventRounds "6"]
[EventCountry "ITA"]

1. e4 c5 2. Nf3 d6 3. d4 cxd4 4. Nxd4 Nf6 5. Nc3 a6 6. Bd3 e5 7. Nb3 Be7 8. Rg1 Be6 9. g4 h6 10. f4 Qb6 11. Rg2 Nh7 12. Qf3 Bh4+ 13. Kd1 exf4 14. Bxf4 Nd7 15. Be3 Qc7 16. Nd5 Bxd5 17. exd5 Ne5 18. Qe4 Nf6 19. Qa4+ Qd7 20. Qxd7+ Kxd7 21. Bf5+ Ke7 22. Bd4 g6 23. Bxe5 dxe5 24. Bd3 Nxd5 25. Re2 Bf6 26. Nc5 Nf4 27. Re3 b5 28. a4 Nxd3 29. Nxd3 Kd6 30. Ke2 Rhe8 31. Rd1 Kc7 32. Rf1 Re6 33. Nc5 Rc6 34. c3 Rf8 35. Nd3 Re8 36. Nb4 Rd6 37. Rxf6 Rxf6 38. Nd5+ Kd6 39. Nxf6 Rb8 40. Rd3+ Ke6 41. Nd7 Ra8 42. Nc5+ Ke7 43. Rd7+ Kf6 44. Rd6+ Kg5 45. h3 Kh4 46. Rd3 h5 47. Kf3 f5 48. gxf5 gxf5 49. Re3 Re8 50. Nxa6 bxa4 51. Nc5 Kg5 52. Nxa4 e4+ 53. Kg2 f4 54. Re1 f3+ 55. Kf2 Kf4 56. Nb6 Rd8 57. Nc4 Rg8 58. Rg1 Rd8 59. Re1 h4 60. b4 Rd3 61. Ne3 Rd2+ 62. Kf1 1-0

[Event "64.Camp. Veneto Quarti di Finale"]
[Site "Arquà Petrarca ITA"]
[Date "2004.05.16"]
[Round "5.12"]
[White "Danese, Aldo"]
[Black "Cacco, Christian"]
[Result "0-1"]
[WhiteElo "1760"]
[BlackElo "2319"]
[Annotator "Gabriele Ballarin"]
[PlyCount "108"]
[EventDate "2004.05.08"]
[EventType "swiss"]
[EventRounds "6"]
[EventCountry "ITA"]

1. f4 d5 2. Nf3 g6 3. e3 Bg7 4. Be2 Nh6 5. O-O O-O 6. d4 Nd7 7. Na3 Nf6 8. c3 Bf5 9. Nc2 Qc8 10. Nce1 c5 11. Nd3 c4 12. Nf2 b5 13. a3 Ne8 14. h3 Nd6 15. Nh2 a5 16. Bf3 Be4 17. Bd2 Qb7 18. Bxe4 dxe4 19. Nfg4 Nhf5 20. Qe1 f6 21. Kh1 h5 22. Rb1 hxg4 23. hxg4 Nh6 24. Qh4 Qd5 25. Qh3 Kf7 26. Kg1 Rh8 27. Qg3 Rh7 28. Kf2 Nhf5 29. gxf5 Nxf5 30. Qg4 Rxh2 31. Rg1 Rah8 32. Rbf1 R8h4 33. Qd1 Nd6 34. Ke1 f5 35. Qc2 Rg4 36. Rf2 Qa8 37. Kd1 Bf6 38. Be1 Qh8 39. Re2 a4 40. g3 Rh7 41. Rgg2 Nc8 42. Rh2 Nb6 43. Rxh7+ Qxh7 44. Rh2 Qg8 45. Qf2 Nd5 46. Bd2 e6 47. Kc2 g5 48. Kb1 gxf4 49. gxf4 Rg7 50. Qe2 Rg1+ 51. Ka2 Qg4 52. Rf2 Bh4 53. Rh2 Qxe2 54. Rxe2 Kg6 0-1

[Event "64.Camp. Veneto Quarti di Finale"]
[Site "Arquà Petrarca ITA"]
[Date "2004.05.16"]
[Round "5.13"]
[White "Ferrari, Mario"]
[Black "Lavric, Mihail"]
[Result "0-1"]
[WhiteElo "1759"]
[BlackElo "2100"]
[Annotator "Gabriele Ballarin"]
[PlyCount "72"]
[EventDate "2004.05.08"]
[EventType "swiss"]
[EventRounds "6"]
[EventCountry "ITA"]

1. e4 c5 2. Nf3 Nc6 3. d4 cxd4 4. Nxd4 e5 5. Nf5 d5 6. exd5 Bxf5 7. dxc6 bxc6 8. Qf3 Qd7 9. Bc4 Nf6 10. O-O Rd8 11. Bg5 Be7 12. Nd2 O-O 13. Bb3 e4 14. Qe2 Rfe8 15. Rad1 Bg4 16. Qc4 Nd5 17. Bxe7 Rxe7 18. Rde1 f5 19. Qd4 Kh8 20. f3 exf3 21. Nxf3 Bxf3 22. Rxe7 Qxe7 23. Rxf3 Nf6 24. Qf4 Qc5+ 25. Kh1 g5 26. Qc1 Ne4 27. h3 Nf2+ 28. Kh2 Qe5+ 29. g3 Ne4 30. Re3 f4 31. Rd3 fxg3+ 32. Kg2 Rf8 33. Rf3 Rxf3 34. Kxf3 Qf5+ 35. Ke2 Qf2+ 36. Kd3 g2 0-1

[Event "64.Camp. Veneto Quarti di Finale"]
[Site "Arquà Petrarca ITA"]
[Date "2004.05.16"]
[Round "5.14"]
[White "Gennari, Leone"]
[Black "Palumbo, Giuseppe"]
[Result "1-0"]
[WhiteElo "2068"]
[BlackElo "1610"]
[Annotator "Gabriele Ballarin"]
[PlyCount "61"]
[EventDate "2004.05.08"]
[EventType "swiss"]
[EventRounds "6"]
[EventCountry "ITA"]

1. d4 Nf6 2. c4 c5 3. d5 g6 4. Nc3 Bg7 5. e4 d6 6. Bd3 O-O 7. f3 e6 8. Bg5 exd5 9. exd5 Nbd7 10. Nge2 Ne5 11. O-O Nxd3 12. Qxd3 a6 13. a4 Bf5 14. Qd2 Re8 15. Rae1 Qc7 16. Ng3 Bd7 17. Bf4 Nh5 18. Nxh5 gxh5 19. b3 Kh8 20. Ne4 Be5 21. Bxe5+ Rxe5 22. Qc3 Kg8 23. Nf6+ Kf8 24. f4 Rxe1 25. Rxe1 Bf5 26. Nxh5 f6 27. Qxf6+ Qf7 28. Qxd6+ Kg8 29. Nf6+ Kh8 30. Re7 Qf8 31. Qe5 1-0

[Event "64.Camp. Veneto Quarti di Finale"]
[Site "Arquà Petrarca ITA"]
[Date "2004.05.16"]
[Round "5.15"]
[White "Ballarin, Gabriele"]
[Black "Cardili, Mariano"]
[Result "1/2-1/2"]
[WhiteElo "1754"]
[BlackElo "1971"]
[Annotator "Gabriele Ballarin"]
[PlyCount "118"]
[EventDate "2004.05.08"]
[EventType "swiss"]
[EventRounds "6"]
[EventCountry "ITA"]

1. e4 c6 2. d4 d5 3. e5 c5 4. dxc5 e6 5. Be3 Nh6 6. Bd3 Nd7 7. Bb5 Qc7 8. f4 Nf5 9. Bd4 Nxd4 10. Qxd4 Bxc5 11. Qd3 Qb6 12. Nf3 a6 13. Bxd7+ Bxd7 14. Qb3 Bf2+ 15. Kd1 Qc7 16. Rf1 Bc5 17. a4 b5 18. axb5 Rb8 19. Na3 O-O 20. c3 Bxa3 21. Qxa3 Bxb5 22. Rf2 Qc4 23. Nd4 Qd3+ 24. Rd2 Qf1+ 25. Kc2 Qxf4 26. Nf3 Rfc8 27. Rd4 Qf5+ 28. Kd2 Rc4 29. Re1 Rbc8 30. Rxc4 Bxc4 31. Re3 h6 32. Qa4 Qb1 33. Qc2 Qh1 34. g3 Rb8 35. b4 a5 36. bxa5 Qa1 37. Re1 Qxa5 38. Rb1 Rxb1 39. Qxb1 Qa2+ 40. Qxa2 Bxa2 41. Ke3 Kh7 42. Kd4 Kg6 43. Kc5 Kf5 44. Kd6 Bb1 45. Ke7 Be4 46. Nd4+ Kxe5 47. Kxf7 g5 48. Kg7 h5 49. Kh6 Kf6 50. Kxh5 e5 51. Nc6 Bf3+ 52. g4 d4 53. cxd4 Bxc6 54. dxe5+ Kxe5 55. Kxg5 Ke6 56. Kg6 Ke5 57. h4 Kf4 58. g5 Kg4 59. h5 Be8+ 1/2-1/2

[Event "64.Camp. Veneto Quarti di Finale"]
[Site "Arquà Petrarca ITA"]
[Date "2004.05.16"]
[Round "5.16"]
[White "Baldi, Giancarlo"]
[Black "Bettera, Roberto"]
[Result "1-0"]
[WhiteElo "1721"]
[BlackElo "1919"]
[Annotator "Roberto Bettera"]
[PlyCount "116"]
[EventDate "2004.05.08"]
[EventType "swiss"]
[EventRounds "6"]
[EventCountry "ITA"]

1. Nf3 Nf6 2. d4 g6 3. Bg5 Bg7 4. e3 d6 5. Bd3 O-O 6. Nbd2 Nbd7 7. c3 c5 8. O-O b6 9. Bc2 Bb7 10. Re1 e5 11. dxe5 dxe5 12. e4 h6 13. Bxf6 Bxf6 14. Nc4 Qe7 15. Qd2 Rfd8 16. Qxh6 Nf8 17. Qe3 Kg7 18. Rad1 Nh7 19. Rxd8 Rxd8 20. Rd1 Rxd1+ 21. Bxd1 b5 22. Na5 Ba8 23. c4 Qd8 24. Qd2 Bxe4 25. Qxd8 Bxd8 26. Nb3 bxc4 27. Nxc5 Bb1 28. a3 Be7 29. Na4 f6 30. Nc3 Bd3 31. Ba4 a6 32. Bc6 Bc5 33. Bd5 Ng5 34. Nd2 f5 35. Bxc4 Bxc4 36. Nxc4 e4 37. Ne2 Ne6 38. b4 Ba7 39. Kf1 Kf6 40. h4 Nd4 41. Nf4 Nc6 42. Nd5+ Kg7 43. Nc7 Nb8 44. Ke2 Kh6 45. f3 exf3+ 46. Kxf3 Kh5 47. g3 Bd4 48. Ne6 Bc3 49. Nf4+ Kh6 50. Ne3 Bb2 51. Nc2 Nc6 52. Nd5 Bc1 53. a4 Kg7 54. b5 axb5 55. axb5 Nb8 56. Ncb4 Kf7 57. Nc6 Nd7 58. Nd4 Ba3 $138 {Il Nero supera i limiti di tempo} 1-0

[Event "64.Camp. Veneto Quarti di Finale"]
[Site "Arquà Petrarca ITA"]
[Date "2004.05.16"]
[Round "5.17"]
[White "Quaranta, Gaetano"]
[Black "Maniero, Riccardo"]
[Result "1-0"]
[WhiteElo "1718"]
[BlackElo "1874"]
[Annotator "Gabriele Ballarin"]
[PlyCount "85"]
[EventDate "2004.05.08"]
[EventType "swiss"]
[EventRounds "6"]
[EventCountry "ITA"]

1. e4 Nc6 2. Nf3 d6 3. Nc3 Bg4 4. h3 Bd7 5. Bc4 e6 6. d4 h6 7. O-O Nge7 8. Qe2 Ng6 9. d5 Nce5 10. dxe6 Nxf3+ 11. Qxf3 Bxe6 12. Bxe6 fxe6 13. Be3 Qf6 14. Qe2 a6 15. f4 Ne7 16. Rad1 Qf7 17. Qc4 Nc6 18. Qb3 Rb8 19. f5 e5 20. Nd5 Kd8 21. f6 g5 22. c4 Rh7 23. c5 Ke8 24. cxd6 Bxd6 25. Qc3 Qf8 26. a3 Nd4 27. Bxd4 exd4 28. Qc4 c6 29. Rf5 Kd7 30. Nb6+ Kc7 31. Nd5+ Kd7 32. Nb4 Kc7 33. e5 Bc5 34. e6 Kb6 35. Nd3 Bd6 36. Qxd4+ Kc7 37. b4 Rd8 38. Qe4 Re8 39. Rf3 Rh8 40. Nb2 Kb8 41. Nc4 Bf4 42. Nb6 Ka7 43. Nd7 1-0

[Event "64.Camp. Veneto Quarti di Finale"]
[Site "Arquà Petrarca ITA"]
[Date "2004.05.16"]
[Round "5.18"]
[White "D'Elia, Alessandro"]
[Black "Nagliati, Paolo"]
[Result "0-1"]
[WhiteElo "1688"]
[BlackElo "1829"]
[Annotator "Gabriele Ballarin"]
[PlyCount "89"]
[EventDate "2004.05.08"]
[EventType "swiss"]
[EventRounds "6"]
[EventCountry "ITA"]

1. d4 d6 2. c4 Nd7 3. Nc3 e5 4. d5 Ngf6 5. e4 a5 6. Qa4 Be7 7. b4 O-O 8. Be3 Ng4 9. Bd2 f5 10. bxa5 Nc5 11. Qc2 fxe4 12. Be3 Nxe3 13. fxe3 Bh4+ 14. g3 Qf6 15. O-O-O Bg5 16. Kb2 Bg4 17. Be2 Bf3 18. Bxf3 exf3 19. Ne4 Nxe4 20. Qxe4 Qf5 21. Qxf5 Rxf5 22. e4 Rf6 23. Rf1 f2 24. Ne2 Be3 25. h4 Rxa5 26. g4 Rf3 27. Kb3 Bd2+ 28. Kb2 Be1 29. Nc1 Re3 30. Kc2 Rc5 31. Nb3 Rxc4+ 32. Kd1 Rcxe4 33. g5 Rd3+ 34. Kc2 Rxd5 35. Rh3 Rc4+ 36. Kb2 Rg4 37. Rf3 Rg2 38. Nc1 e4 39. Rf4 e3 40. Ne2 Rd2+ 41. Kc3 Rxe2+ 42. Kd3 Rxa2 43. Kxe3 Rg3+ 44. Ke4 Ra4+ 45. Kf5 0-1

[Event "64.Camp. Veneto Quarti di Finale"]
[Site "Arquà Petrarca ITA"]
[Date "2004.05.16"]
[Round "5.19"]
[White "Pomaro, Alberto"]
[Black "Valentini, Paola"]
[Result "1/2-1/2"]
[WhiteElo "1670"]
[BlackElo "1808"]
[Annotator "Gabriele Ballarin"]
[PlyCount "120"]
[EventDate "2004.05.08"]
[EventType "swiss"]
[EventRounds "6"]
[EventCountry "ITA"]

1. d4 Nf6 2. c4 e6 3. Nc3 Bb4 4. Nf3 Bxc3+ 5. bxc3 c5 6. Ba3 cxd4 7. Nxd4 a6 8. Qa4 Nc6 9. Nb5 Ne7 10. Bd6 O-O 11. Qa3 Ng6 12. Bxf8 Nxf8 13. g3 b6 14. Bg2 Rb8 15. Na7 Qc7 16. Nxc8 Qxc8 17. Qb3 Ng6 18. Rd1 Ne5 19. Rd4 Nc6 20. Bxc6 Qxc6 21. O-O e5 22. Rd3 Ne4 23. Re3 Nd2 24. Qd1 Nxf1 25. Rxe5 Nxg3 26. hxg3 Qxc4 27. Qxd7 Qc8 28. Re7 Qxd7 29. Rxd7 Kf8 30. c4 Re8 31. e3 Re6 32. Ra7 a5 33. c5 bxc5 34. Rxa5 Rc6 35. Kf1 Rc7 36. Ke2 Ke7 37. Kd3 f5 38. Kc4 Kd6 39. Ra6+ Ke5 40. Ra5 Kd6 41. a4 g5 42. Ra6+ Ke5 43. f4+ gxf4 44. gxf4+ Ke4 45. Re6+ Kf3 46. a5 h5 47. Rh6 Kg4 48. Rg6+ Kf3 49. Rh6 Kxe3 50. Rxh5 Kxf4 51. Rh8 Ke5 52. a6 Ra7 53. Rh6 f4 54. Kxc5 f3 55. Kb6 Rf7 56. a7 Rxa7 57. Kxa7 Kf4 58. Rh8 f2 59. Rf8+ Ke3 60. Re8+ Kd3 1/2-1/2

[Event "64.Camp. Veneto Quarti di Finale"]
[Site "Arquà Petrarca ITA"]
[Date "2004.05.16"]
[Round "5.20"]
[White "Canazza, Alessandro"]
[Black "Calicchia, Giovanni"]
[Result "1/2-1/2"]
[WhiteElo "1772"]
[BlackElo "1760"]
[Annotator "Gabriele Ballarin"]
[PlyCount "55"]
[EventDate "2004.05.08"]
[EventType "swiss"]
[EventRounds "6"]
[EventCountry "ITA"]

1. c4 Nf6 2. Nc3 e5 3. g3 Nc6 4. Bg2 Bb4 5. d3 d5 6. cxd5 Nxd5 7. Bd2 Be6 8. a3 Nxc3 9. Bxc3 Bxc3+ 10. bxc3 Qd7 11. Rb1 Rb8 12. e3 O-O 13. Ne2 Bh3 14. O-O Bxg2 15. Kxg2 Ne7 16. d4 Rfd8 17. f3 exd4 18. cxd4 Nf5 19. Kf2 Qe7 20. e4 Nd6 21. Qa4 a6 22. Rfc1 Nb5 23. Rb3 c6 24. Rd3 h5 25. Qb4 Qxb4 26. axb4 Rd7 27. Ke3 Rbd8 28. Rc5 1/2-1/2

[Event "64.Camp. Veneto Quarti di Finale"]
[Site "Arquà Petrarca ITA"]
[Date "2004.05.16"]
[Round "5.21"]
[White "Drezzadore, Dario"]
[Black "Zangrando, Gianpietro"]
[Result "0-1"]
[WhiteElo "1667"]
[BlackElo "1768"]
[Annotator "Gabriele Ballarin"]
[PlyCount "100"]
[EventDate "2004.05.08"]
[EventType "swiss"]
[EventRounds "6"]
[EventCountry "ITA"]

1. e4 e6 2. d4 d5 3. e5 c5 4. c3 Nc6 5. Nf3 Qb6 6. Bd3 Bd7 7. O-O cxd4 8. cxd4 Nxd4 9. Nxd4 Qxd4 10. Nc3 Qxe5 11. Re1 Qd6 12. Nb5 Bxb5 13. Bxb5+ Kd8 14. g3 Nf6 15. Bf4 Qb6 16. a4 Bc5 17. Qf3 Ke7 18. Rac1 Rac8 19. Bg5 Rhd8 20. Rcd1 h6 21. Bf4 Ne4 22. Re2 Kf8 23. Be5 Kg8 24. Kg2 Bf8 25. Qg4 g6 26. f3 a6 27. Bd3 Qb3 28. Bc2 Rxc2 29. fxe4 Rdc8 30. exd5 Rxe2+ 31. Qxe2 Rc2 32. Rd2 Rxd2 33. Qxd2 Qxd5+ 34. Qxd5 exd5 35. b3 Bc5 36. Kf3 f5 37. Bc3 Kf7 38. Kf4 Ke6 39. h4 Bd6+ 40. Kf3 g5 41. hxg5 hxg5 42. Bd2 g4+ 43. Kf2 d4 44. Be1 Kd5 45. Ke2 Ke4 46. Bf2 d3+ 47. Kd1 Kf3 48. Be1 Bxg3 49. Bb4 Bf4 50. Bc5 g3 0-1

[Event "64.Camp. Veneto Quarti di Finale"]
[Site "Arquà Petrarca ITA"]
[Date "2004.05.16"]
[Round "5.22"]
[White "Abazi, Rhui"]
[Black "Rossi, Gianni"]
[Result "0-1"]
[WhiteElo "1700"]
[BlackElo "1915"]
[Annotator "Gabriele Ballarin"]
[PlyCount "94"]
[EventDate "2004.05.08"]
[EventType "swiss"]
[EventRounds "6"]
[EventCountry "ITA"]

1. e4 Nf6 2. Nc3 d5 3. exd5 Nxd5 4. Nxd5 Qxd5 5. Nf3 Bg4 6. Be2 Nc6 7. O-O e5 8. d3 Be7 9. c4 Qd7 10. a3 O-O 11. b4 f6 12. b5 Nd4 13. Nxd4 Qxd4 14. Be3 Bxe2 15. Qxe2 Qh4 16. f4 b6 17. Rf3 Qg4 18. h3 Qd7 19. a4 Rad8 20. Rd1 e4 21. Rg3 f5 22. d4 Bh4 23. Kh2 Bxg3+ 24. Kxg3 Rf6 25. d5 Qe7 26. Bd4 Rg6+ 27. Kh2 Qh4 28. Qf2 Qe7 29. Qe2 Qa3 30. Qe3 Qa2 31. Rd2 Qxc4 32. Qa3 Qxd5 33. Qc3 c5 34. Be3 Qa8 35. Rxd8+ Qxd8 36. Qe5 Rf6 37. Bf2 Qd6 38. Qe8+ Rf8 39. Qh5 Qxf4+ 40. Bg3 Qh6 41. Qe2 f4 42. Be1 f3 43. Qc4+ Kh8 44. Qxe4 Qf4+ 45. Qxf4 Rxf4 46. Kg3 fxg2 47. Kxg2 Rxa4 0-1

[Event "64.Camp. Veneto Quarti di Finale"]
[Site "Arquà Petrarca ITA"]
[Date "2004.05.16"]
[Round "5.23"]
[White "Tescaro, Stefano"]
[Black "Negro, Raffaele"]
[Result "0-1"]
[WhiteElo "1700"]
[BlackElo "1751"]
[Annotator "Gabriele Ballarin"]
[PlyCount "52"]
[EventDate "2004.05.08"]
[EventType "swiss"]
[EventRounds "6"]
[EventCountry "ITA"]

1. d4 f5 2. Nf3 g6 3. b4 Bg7 4. Bb2 Nf6 5. e3 O-O 6. c4 d6 7. Qc2 Qe8 8. Nbd2 Nbd7 9. Be2 e5 10. O-O e4 11. Ng5 h6 12. Nh3 c5 13. Rfe1 Ng4 14. Nxe4 Nxe3 15. fxe3 fxe4 16. Nf4 Nf6 17. a4 g5 18. Nh3 Ng4 19. Bxg4 Bxg4 20. Nf2 Bf5 21. g4 Bg6 22. Kf1 Qf7 23. Re2 Qf3 24. Kg1 h5 25. Rf1 hxg4 26. Qd1 g3 0-1

[Event "64.Camp. Veneto Quarti di Finale"]
[Site "Arquà Petrarca ITA"]
[Date "2004.05.16"]
[Round "5.24"]
[White "Bettella, Michele"]
[Black "Morganti, Lionello"]
[Result "1-0"]
[WhiteElo "1682"]
[BlackElo "1739"]
[Annotator "Gabriele Ballarin"]
[PlyCount "85"]
[EventDate "2004.05.08"]
[EventType "swiss"]
[EventRounds "6"]
[EventCountry "ITA"]

1. e4 d6 2. d4 Nf6 3. Nc3 g6 4. f3 Bg7 5. Be3 O-O 6. Qd2 e5 7. Nge2 Nc6 8. O-O-O exd4 9. Nxd4 Nxd4 10. Bxd4 Be6 11. g4 a6 12. h4 Nd7 13. Bxg7 Kxg7 14. Be2 f6 15. f4 g5 16. hxg5 fxg5 17. f5 Bg8 18. Rh3 h6 19. Rdh1 Rf6 20. Bf3 Ne5 21. Bd1 Bf7 22. Kb1 b5 23. Qg2 Qe7 {=} 24. Ne2 c6 25. Ng3 a5 26. Nh5+ Bxh5 27. Rxh5 Rh8 28. Qh2 Qd8 29. Qd2 a4 30. R5h3 c5 31. Be2 c4 32. Rd1 Qc7 33. Qd5 Rb8 34. Rdh1 Qb7 35. Qd2 Qxe4 36. Rxh6 Rxh6 37. Qxg5+ Rg6 38. Qe7+ Kg8 39. Qh7+ Kf8 40. fxg6 Qxg6 41. Rf1+ Ke8 42. Qh8+ Kd7 43. Qxb8 1-0

[Event "64.Camp. Veneto Quarti di Finale"]
[Site "Arquà Petrarca ITA"]
[Date "2004.05.16"]
[Round "5.25"]
[White "Bozzao, Francesco"]
[Black "Vastano, Ciro"]
[Result "0-1"]
[WhiteElo "1646"]
[BlackElo "1700"]
[Annotator "Gabriele Ballarin"]
[PlyCount "81"]
[EventDate "2004.05.08"]
[EventType "swiss"]
[EventRounds "6"]
[EventCountry "ITA"]

1. d4 e6 2. c4 Nf6 3. Nc3 Bb4 4. Qc2 O-O 5. Bg5 Be7 6. e4 Ne8 7. h4 c6 8. Nf3 d5 9. e5 Nd7 10. Bd3 f5 11. g4 dxc4 12. Bxc4 Nb6 13. Bd3 h6 14. Bxe7 Qxe7 15. O-O-O fxg4 16. Bh7+ Kh8 17. Ng5 Nc7 18. Nge4 Bd7 19. Rdg1 Rf4 20. Ne2 Rff8 21. Rxg4 Nbd5 22. Rhg1 Rf7 23. N4g3 Raf8 24. Nh5 Ne8 25. f4 Ne3 26. Qe4 Nxg4 27. Rxg4 c5 28. Bg6 Bc6 29. Qe3 cxd4 30. Nxd4 Bd5 31. Kb1 a6 32. Bxf7 Rxf7 33. Ng3 Qc5 34. Nge2 Rc7 35. Nc3 b5 36. Nxd5 Qxd5 37. Rg6 Qh1+ 38. Rg1 Qd5 39. Rg6 Re7 40. Rg1 Nc7 41. Rc1 $138 0-1